000
002800000a22001210004500
003
OSt
008
210323b ||||| |||| 00| 0 eng d
100
_a
Sreedharan, Perumbadavam
_9
4911
245
_a
Oru sankeerthanam pole
260
_a
Kottayam, NBS
260
_c
1993
942
_c
BK
999
_c
17376
_d
17376